<?xml version="1.0" encoding="UTF-8"?>
<record
    xmlns:xsi="http://www.w3.org/2001/XMLSchema-instance"
    xsi:schemaLocation="http://www.loc.gov/MARC21/slim http://www.loc.gov/standards/marcxml/schema/MARC21slim.xsd"
    xmlns="http://www.loc.gov/MARC21/slim">

  <leader>00311nam a22001337a 4500</leader>
  <controlfield tag="008">241207b        |||||||| |||| 00| 0 eng d</controlfield>
  <datafield tag="022" ind1=" " ind2=" ">
    <subfield code="a">8904150800027</subfield>
  </datafield>
  <datafield tag="041" ind1=" " ind2=" ">
    <subfield code="a">Eng</subfield>
  </datafield>
  <datafield tag="245" ind1=" " ind2=" ">
    <subfield code="a">Outlook Money</subfield>
  </datafield>
  <datafield tag="260" ind1=" " ind2=" ">
    <subfield code="a">Delhi</subfield>
    <subfield code="b">Outlook Group</subfield>
    <subfield code="c">2024</subfield>
  </datafield>
  <datafield tag="300" ind1=" " ind2=" ">
    <subfield code="a">82;. P.</subfield>
  </datafield>
  <datafield tag="856" ind1=" " ind2=" ">
    <subfield code="u">www.outlookmoney.com</subfield>
  </datafield>
  <datafield tag="942" ind1=" " ind2=" ">
    <subfield code="c">SR</subfield>
  </datafield>
  <datafield tag="999" ind1=" " ind2=" ">
    <subfield code="c">43164</subfield>
    <subfield code="d">43164</subfield>
  </datafield>
  <datafield tag="952" ind1=" " ind2=" ">
    <subfield code="0">0</subfield>
    <subfield code="1">0</subfield>
    <subfield code="2">ddc</subfield>
    <subfield code="4">0</subfield>
    <subfield code="7">0</subfield>
    <subfield code="a">IMTN</subfield>
    <subfield code="b">IMTN</subfield>
    <subfield code="d">2024-01-17</subfield>
    <subfield code="e">2024-01-17</subfield>
    <subfield code="h">Vol. 23, No. 1</subfield>
    <subfield code="l">0</subfield>
    <subfield code="p">P258</subfield>
    <subfield code="r">2025-05-08 00:00:00</subfield>
    <subfield code="w">2024-01-01</subfield>
    <subfield code="y">SR</subfield>
  </datafield>
  <datafield tag="952" ind1=" " ind2=" ">
    <subfield code="0">0</subfield>
    <subfield code="1">0</subfield>
    <subfield code="2">ddc</subfield>
    <subfield code="4">0</subfield>
    <subfield code="7">0</subfield>
    <subfield code="a">IMTN</subfield>
    <subfield code="b">IMTN</subfield>
    <subfield code="d">2024-08-10</subfield>
    <subfield code="e">2024-08-10</subfield>
    <subfield code="h">Vol. 23, No. 8</subfield>
    <subfield code="l">0</subfield>
    <subfield code="p">P259</subfield>
    <subfield code="r">2025-05-08 00:00:00</subfield>
    <subfield code="w">2024-08-01</subfield>
    <subfield code="y">SR</subfield>
  </datafield>
  <datafield tag="952" ind1=" " ind2=" ">
    <subfield code="0">0</subfield>
    <subfield code="1">0</subfield>
    <subfield code="2">ddc</subfield>
    <subfield code="4">0</subfield>
    <subfield code="7">0</subfield>
    <subfield code="a">IMTN</subfield>
    <subfield code="b">IMTN</subfield>
    <subfield code="d">2024-09-05</subfield>
    <subfield code="e">2024-09-05</subfield>
    <subfield code="h">Vol. 23, No. 9</subfield>
    <subfield code="l">0</subfield>
    <subfield code="p">P260</subfield>
    <subfield code="r">2025-05-08 00:00:00</subfield>
    <subfield code="w">2024-09-01</subfield>
    <subfield code="y">SR</subfield>
  </datafield>
  <datafield tag="952" ind1=" " ind2=" ">
    <subfield code="0">0</subfield>
    <subfield code="1">0</subfield>
    <subfield code="2">ddc</subfield>
    <subfield code="4">0</subfield>
    <subfield code="7">0</subfield>
    <subfield code="a">IMTN</subfield>
    <subfield code="b">IMTN</subfield>
    <subfield code="d">2024-10-11</subfield>
    <subfield code="e">2024-10-11</subfield>
    <subfield code="h">Vol. 23, No. 10</subfield>
    <subfield code="l">0</subfield>
    <subfield code="p">P261</subfield>
    <subfield code="r">2025-05-08 00:00:00</subfield>
    <subfield code="w">2024-10-01</subfield>
    <subfield code="y">SR</subfield>
  </datafield>
  <datafield tag="952" ind1=" " ind2=" ">
    <subfield code="0">0</subfield>
    <subfield code="1">0</subfield>
    <subfield code="2">ddc</subfield>
    <subfield code="4">0</subfield>
    <subfield code="7">0</subfield>
    <subfield code="a">IMTN</subfield>
    <subfield code="b">IMTN</subfield>
    <subfield code="d">2024-11-13</subfield>
    <subfield code="e">2024-11-13</subfield>
    <subfield code="h">Vol. 23, No. 11</subfield>
    <subfield code="l">0</subfield>
    <subfield code="p">P262</subfield>
    <subfield code="r">2025-05-08 00:00:00</subfield>
    <subfield code="w">2024-11-13</subfield>
    <subfield code="y">SR</subfield>
  </datafield>
  <datafield tag="952" ind1=" " ind2=" ">
    <subfield code="0">0</subfield>
    <subfield code="1">0</subfield>
    <subfield code="2">ddc</subfield>
    <subfield code="4">0</subfield>
    <subfield code="7">0</subfield>
    <subfield code="a">IMTN</subfield>
    <subfield code="b">IMTN</subfield>
    <subfield code="d">2024-12-10</subfield>
    <subfield code="e">2024-12-10</subfield>
    <subfield code="h">Vol. 23, No. 12</subfield>
    <subfield code="l">0</subfield>
    <subfield code="p">P263</subfield>
    <subfield code="r">2025-05-08 00:00:00</subfield>
    <subfield code="w">2024-12-01</subfield>
    <subfield code="y">SR</subfield>
  </datafield>
  <datafield tag="952" ind1=" " ind2=" ">
    <subfield code="0">0</subfield>
    <subfield code="1">0</subfield>
    <subfield code="2">ddc</subfield>
    <subfield code="4">0</subfield>
    <subfield code="7">0</subfield>
    <subfield code="a">IMTN</subfield>
    <subfield code="b">IMTN</subfield>
    <subfield code="d">2025-01-10</subfield>
    <subfield code="e">2025-01-10</subfield>
    <subfield code="h">Vol. 24, No. 1</subfield>
    <subfield code="p">P264</subfield>
    <subfield code="r">2025-05-08 00:00:00</subfield>
    <subfield code="w">2025-01-01</subfield>
    <subfield code="y">SR</subfield>
  </datafield>
  <datafield tag="952" ind1=" " ind2=" ">
    <subfield code="0">0</subfield>
    <subfield code="1">0</subfield>
    <subfield code="2">ddc</subfield>
    <subfield code="4">0</subfield>
    <subfield code="7">0</subfield>
    <subfield code="a">IMTN</subfield>
    <subfield code="b">IMTN</subfield>
    <subfield code="d">2025-01-13</subfield>
    <subfield code="e">2025-01-13</subfield>
    <subfield code="h">Vol. 24, No. 2</subfield>
    <subfield code="l">0</subfield>
    <subfield code="p">P265</subfield>
    <subfield code="r">2025-05-08 00:00:00</subfield>
    <subfield code="w">2025-01-13</subfield>
    <subfield code="y">SR</subfield>
  </datafield>
  <datafield tag="952" ind1=" " ind2=" ">
    <subfield code="0">0</subfield>
    <subfield code="1">0</subfield>
    <subfield code="2">ddc</subfield>
    <subfield code="4">0</subfield>
    <subfield code="7">0</subfield>
    <subfield code="a">IMTN</subfield>
    <subfield code="b">IMTN</subfield>
    <subfield code="d">2025-01-17</subfield>
    <subfield code="e">2025-01-17</subfield>
    <subfield code="h">Vol. 24, No. 3</subfield>
    <subfield code="l">0</subfield>
    <subfield code="p">P266</subfield>
    <subfield code="r">2025-05-08 00:00:00</subfield>
    <subfield code="w">2025-01-01</subfield>
    <subfield code="y">SR</subfield>
  </datafield>
  <datafield tag="952" ind1=" " ind2=" ">
    <subfield code="0">0</subfield>
    <subfield code="1">0</subfield>
    <subfield code="2">ddc</subfield>
    <subfield code="4">0</subfield>
    <subfield code="7">0</subfield>
    <subfield code="a">IMTN</subfield>
    <subfield code="b">IMTN</subfield>
    <subfield code="d">2025-04-15</subfield>
    <subfield code="e">2025-04-15</subfield>
    <subfield code="h">Vol. 24, No. 4</subfield>
    <subfield code="l">0</subfield>
    <subfield code="p">P267</subfield>
    <subfield code="r">2025-05-08 00:00:00</subfield>
    <subfield code="w">2025-04-01</subfield>
    <subfield code="y">SR</subfield>
  </datafield>
  <datafield tag="952" ind1=" " ind2=" ">
    <subfield code="0">0</subfield>
    <subfield code="1">0</subfield>
    <subfield code="2">ddc</subfield>
    <subfield code="4">0</subfield>
    <subfield code="7">0</subfield>
    <subfield code="a">IMTN</subfield>
    <subfield code="b">IMTN</subfield>
    <subfield code="d">0000-00-00</subfield>
    <subfield code="e">05/14/2025</subfield>
    <subfield code="h">Vol. 24, No. 5</subfield>
    <subfield code="l">0</subfield>
    <subfield code="p">P470</subfield>
    <subfield code="r">2025-05-28 00:00:00</subfield>
    <subfield code="w">2025-05-28</subfield>
    <subfield code="y">SR</subfield>
  </datafield>
  <datafield tag="952" ind1=" " ind2=" ">
    <subfield code="0">0</subfield>
    <subfield code="1">0</subfield>
    <subfield code="2">ddc</subfield>
    <subfield code="4">0</subfield>
    <subfield code="7">0</subfield>
    <subfield code="a">IMTN</subfield>
    <subfield code="b">IMTN</subfield>
    <subfield code="d">0000-00-00</subfield>
    <subfield code="e">06/10/2025</subfield>
    <subfield code="h">Vol. 24, No. 6</subfield>
    <subfield code="l">0</subfield>
    <subfield code="p">P676</subfield>
    <subfield code="r">2025-06-11 00:00:00</subfield>
    <subfield code="w">2025-06-01</subfield>
    <subfield code="y">SR</subfield>
  </datafield>
  <datafield tag="952" ind1=" " ind2=" ">
    <subfield code="0">0</subfield>
    <subfield code="1">0</subfield>
    <subfield code="2">ddc</subfield>
    <subfield code="4">0</subfield>
    <subfield code="7">0</subfield>
    <subfield code="a">IMTN</subfield>
    <subfield code="b">IMTN</subfield>
    <subfield code="d">2025-07-10</subfield>
    <subfield code="e">2025-07-10</subfield>
    <subfield code="h">Vol. 24, No. 7</subfield>
    <subfield code="l">0</subfield>
    <subfield code="p">P718</subfield>
    <subfield code="r">2025-07-10 00:00:00</subfield>
    <subfield code="w">2025-07-01</subfield>
    <subfield code="y">SR</subfield>
  </datafield>
  <datafield tag="952" ind1=" " ind2=" ">
    <subfield code="0">0</subfield>
    <subfield code="1">0</subfield>
    <subfield code="2">ddc</subfield>
    <subfield code="4">0</subfield>
    <subfield code="7">0</subfield>
    <subfield code="a">IMTN</subfield>
    <subfield code="b">IMTN</subfield>
    <subfield code="d">2025-10-09</subfield>
    <subfield code="e">2025-10-09</subfield>
    <subfield code="h">Vol. 24, No. 10</subfield>
    <subfield code="l">0</subfield>
    <subfield code="p">P948</subfield>
    <subfield code="r">2025-10-13 00:00:00</subfield>
    <subfield code="w">2025-10-09</subfield>
    <subfield code="y">SR</subfield>
  </datafield>
  <datafield tag="952" ind1=" " ind2=" ">
    <subfield code="0">0</subfield>
    <subfield code="1">0</subfield>
    <subfield code="2">ddc</subfield>
    <subfield code="4">0</subfield>
    <subfield code="7">0</subfield>
    <subfield code="a">IMTN</subfield>
    <subfield code="b">IMTN</subfield>
    <subfield code="d">2025-11-13</subfield>
    <subfield code="h">Vol. 24, No. 11</subfield>
    <subfield code="l">0</subfield>
    <subfield code="p">P1010</subfield>
    <subfield code="r">2025-11-13 15:59:54</subfield>
    <subfield code="w">2025-11-13</subfield>
    <subfield code="y">SR</subfield>
  </datafield>
  <datafield tag="952" ind1=" " ind2=" ">
    <subfield code="0">0</subfield>
    <subfield code="1">0</subfield>
    <subfield code="2">ddc</subfield>
    <subfield code="4">0</subfield>
    <subfield code="7">0</subfield>
    <subfield code="a">IMTN</subfield>
    <subfield code="b">IMTN</subfield>
    <subfield code="d">2025-12-10</subfield>
    <subfield code="h">Vol. 24, No. 12</subfield>
    <subfield code="l">0</subfield>
    <subfield code="p">P1084</subfield>
    <subfield code="r">2025-12-10 18:38:24</subfield>
    <subfield code="w">2025-12-10</subfield>
    <subfield code="y">SR</subfield>
  </datafield>
  <datafield tag="952" ind1=" " ind2=" ">
    <subfield code="0">0</subfield>
    <subfield code="1">0</subfield>
    <subfield code="2">ddc</subfield>
    <subfield code="4">0</subfield>
    <subfield code="7">0</subfield>
    <subfield code="a">IMTN</subfield>
    <subfield code="b">IMTN</subfield>
    <subfield code="d">2026-01-14</subfield>
    <subfield code="h">Vol. 25, No. 1</subfield>
    <subfield code="l">0</subfield>
    <subfield code="p">P1148</subfield>
    <subfield code="r">2026-01-14 16:44:22</subfield>
    <subfield code="w">2026-01-14</subfield>
    <subfield code="y">SR</subfield>
  </datafield>
</record>
